Statistics for Most Populated Countries Containing 'D'

Click here to take the quiz!

General Stats

  • This quiz has been taken 128 times
    (79 since last reset)
  • The average score is 15 of 20

Answer Stats

Population Country % Correct
64 milUnited Kingdom
98%
1,276 milIndia
96%
321 milUnited States
95%
255 milIndonesia
95%
77 milD.R. Congo
88%
65 milThailand
84%
158 milBangladesh
84%
38 milSudan
82%
16 milNetherlands
82%
36 milCanada
80%
38 milPoland
80%
31 milSaudi Arabia
79%
11 milSouth Sudan
75%
22 milMadagascar
73%
14 milChad
63%
16 milEcuador
59%
15 milCambodia
57%
34 milUganda
57%
22 milCôte d’Ivoire
43%
11 milRwanda
36%

Score Distribution

Percentile by Number Answered

Percent of People with Each Score

Your Score History

You have not taken this quiz since the last reset